Wētchasān sattawaphāet The Thai journal of veterinary medicine.

Bibliographic Details
Corporate Author: Čhulālongkō̜nmahāwitthayālai. Khana Sattawaphǣtthayasāt
Format: Electronic Journal
Language:Thai
English
Published: Krung Thēp : Khana Sattawaphāetsāt, Čhulālongkō̜nmahāwitthayālai
Subjects:
Online Access:Full text available from Research Library: 01/01/2011 to present

MARC

LEADER 00000nas a22000007a 4500
001 ssj0001054032
003 WaSeSS
005 20200512172242.0
006 m d
007 cr n
008 840627c19uu9999th qr p s 0 z0tha d
010 |a sn 84006258  
015 |a 022640673  |2 dnb 
016 7 |a 2059062-3  |2 DE-600 
016 7 |a 8403028  |2 DNLM 
016 7 |a W03915000  |z T07843000  |2 DNLM 
022 |l 0125-6491  |y 0125-6491 
030 |a TJVMDA 
035 |a (WaSeSS)ssj0001054032 
040 |a NSD  |b eng  |c NSD  |d DLC  |d AGL  |d NLM  |d OCLCQ  |d GBVCP  |d MMU  |d OCLCQ  |d OCLCO  |d OCLCA  |d OCLCF  |d OCLCO  |d OCLCQ  |d OCLCO  |d OCLCQ  |d OCLCO  |d CUS  |d OCLCA  |d IUL  |d OCLCA  |d WaSeSS 
041 0 |a eng  |a tha  |b eng  |b tha 
042 |a nsdp 
050 1 4 |a SF604.T43 
060 0 0 |a W1  |b WE923R 
070 0 |a SF604.T43 
072 0 |a L800 
222 0 |a Wētchasān sattawaphāet 
245 0 0 |a Wētchasān sattawaphāet  |h [electronic resource] =  |b The Thai journal of veterinary medicine. 
246 3 1 |a Thai journal of veterinary medicine 
260 |a Krung Thēp :  |b Khana Sattawaphāetsāt, Čhulālongkō̜nmahāwitthayālai 
310 |a Quarterly 
506 |a License restrictions may limit access. 
546 |a In Thai. 
588 |a Description based on surrogate of: Pīthī 9, chabap thī 1 (Mīnākhom 2522); title from cover? 
650 0 |a Veterinary medicine  |v Periodicals. 
650 7 |a Veterinary medicine.  |2 fast  |0 (OCoLC)fst01165977 
650 2 |a Veterinary Medicine. 
655 0 |a Electronic journals. 
710 2 |a Čhulālongkō̜nmahāwitthayālai.  |b Khana Sattawaphǣtthayasāt. 
850 |a DNAL 
856 4 0 |z Full text available from Research Library: 01/01/2011 to present  |u https://search.proquest.com/publication/836355